Annual report for ... and resource material series / 77.2009
| Körperschaft: | |
|---|---|
| Medienart: | Druck Buch |
| Sprache: | Englisch |
| Veröffentlicht: |
Fuchu
UNAFEI
March 2009
|
| In: |
Annual report for ... and resource material series / UNAFEI
Jahr: 2009 |
| Bestand in Tübingen: | In Tübingen vorhanden. IFK: P I 872 (77.2009) |
| Verfügbarkeit prüfen: | HBZ Gateway |
| Subito Bestelldienst: | Jetzt bestellen. |
| Schlagwörter: |
MARC
| LEADER | 00000cam a2200000 cc4500 | ||
|---|---|---|---|
| 001 | 1391804791 | ||
| 003 | DE-627 | ||
| 005 | 20250612133859.0 | ||
| 007 | tu | ||
| 008 | 100414s2009 ja ||||| 00| ||eng c | ||
| 020 | |a 9784870332829 | ||
| 035 | |a (DE-627)1391804791 | ||
| 035 | |a (DE-576)321804791 | ||
| 035 | |a (DE-599)BSZ321804791 | ||
| 040 | |a DE-627 |b ger |c DE-627 |e rda | ||
| 041 | |a eng | ||
| 044 | |c XB-JP | ||
| 084 | |a 2,1 |2 ssgn | ||
| 084 | |a KRIM |q DE-21 |2 fid | ||
| 245 | 0 | 0 | |a Annual report for ... and resource material series |n 77.2009 |
| 264 | 1 | |a Fuchu |b UNAFEI |c March 2009 | |
| 300 | |a vi, 140 Seiten |b Illustrationen | ||
| 336 | |a Text |b txt |2 rdacontent | ||
| 337 | |a ohne Hilfsmittel zu benutzen |b n |2 rdamedia | ||
| 338 | |a Band |b nc |2 rdacarrier | ||
| 650 | 4 | |a Korruption | |
| 650 | 4 | |a Bekämpfung | |
| 650 | 4 | |a Wirtschaftskriminalität | |
| 650 | 4 | |a International | |
| 710 | 2 | |a United Nations Asia and Far East Institute for the Prevention of Crime and the Treatment of Offenders |e Herausgebendes Organ |0 (DE-588)14229-3 |0 (DE-627)100430740 |0 (DE-576)190235799 |4 isb | |
| 773 | 1 | 8 | |a Annual report for ... and resource material series / UNAFEI |w (DE-627)166447129 |w (DE-576)014804808 |w (DE-600)193076-X |x 0256-5471 |g 77.2009 |q 77,2009 |7 nnas |
| 935 | |a mkri | ||
| 951 | |a JV | ||
| ELC | |b 1 | ||
| LOK | |0 000 xxxxxcx a22 zn 4500 | ||
| LOK | |0 001 2632046408 | ||
| LOK | |0 003 DE-627 | ||
| LOK | |0 004 1391804791 | ||
| LOK | |0 005 20260218094220 | ||
| LOK | |0 008 100414||||||||||||||||ger||||||| | ||
| LOK | |0 040 |a DE-21-110 |c DE-627 |d DE-21-110 | ||
| LOK | |0 541 |e 10/64 | ||
| LOK | |0 852 |a DE-21-110 | ||
| LOK | |0 852 1 |c P I 872 (77.2009) |m p |9 00 | ||
| LOK | |0 936ln |a 2.4 | ||
| LOK | |0 938 |a 1004 | ||
| LOK | |0 938 |k p | ||
| LOK | |0 939 |a 14-04-10 |b l01 | ||
| ORI | |a WA-MARC-krimdoka001.raw | ||
| SIG | |a IFK: P I 872 (77.2009) | ||
